Responses for Show #1859 - Thursday, October 8, 1992

Leslie Miller game 1.
Game entered from audiorecording.

Contestants

[<< previous game]

Leslie Miller, an editor from Reston, Virginia

Jim Fink, a teacher from Spring Valley, California

Mitch Hankins, an attorney from Lubbock, Texas (whose 1-day cash winnings total $10,100)

[next game >>]

Jeopardy! Round responses

BUSINESS & INDUSTRY
KENTUCKY
FAMOUS ACTORS
HOUSEHOLD TIPS
PRESIDENTS
"ROSE"s
    $100 1
7-Eleven

Jim
    $100 12
(Jim: What is the state flower?)

the state tree

Jim
Triple Stumper
    $100 8
Kevin Costner

Jim
    $100 13
salt

Jim
    $100 2
(Leslie: Who's Andrew Johnson?)

Andrew Jackson

MitchLeslie
    $100 3
Pete Rose

Jim
    $200 23
Gatorade

Jim
    $1,500 21
Louisville

Leslie
    $200 9
Gene Hackman

Jim
    $200 20
a compass

Leslie
    $200 4
Jimmy Carter

Jim
    $200 16
rose-colored glasses

Mitch
    $300 24
the Discover card

Mitch
    $300 22
Jesus

Mitch
    $300 10
Robert Wagner

Mitch
    $300 28
fluorescent

Mitch
    $300 5
Harry Truman

Jim
    $300 17
a faded rose

Jim
    $400 25
Polaroid

Jim
    $400 26
"My Old Kentucky Home"

Jim
    $400 14
Lorne Greene

Mitch
    $400 29
a trellis

Leslie
    $400 6
(Mitch: Who is Wilson?)

Herbert Hoover

MitchJim
    $400 18
a bed of roses

Leslie
    $500 11
(Mitch: Who is Dow Corning?)

Corning

MitchLeslie
    $500 27
Robert Penn Warren

Mitch
    $500 15
Sydney Greenstreet

Leslie
    $500 30
a hair dryer

Leslie
    $500 7
Wilson

Jim
    $500 19
Rose-Marie

Leslie

Scores at the first commercial break (after clue 15):

Mitch Jim Leslie
-$100 $1,900 $900

Scores at the end of the Jeopardy! Round:

Mitch Jim Leslie
$1,500 $3,200 $4,400

Double Jeopardy! Round responses

GOLD
1980
MYTHOLOGICAL CREATURES
HISTORIC NAMES
FOOD & DRINK
ART
    $200 16
glistens (glitters)

Leslie
    $200 1
"O Canada"

Mitch
    $200 17
Pegasus

Mitch
    $200 8
Attila

Mitch
    $200 23
Butter

Leslie
    $200 6
fresco

Leslie
    $400 27
California

Jim
    $400 2
(Leslie: What is Texas?)
(Jim: What is Louisiana?)

Alaska

MitchJimLeslie
    $400 18
the Phoenix

Leslie
    $400 9
Charlemagne

Jim
    $400 19
tea

Leslie
    $400 7
Picasso

Jim
    $600 28
Great Britain

Jim
    $600 3
Los Angeles

Mitch
    $600 24
Cerberus

Leslie
    $600 10
Pancho Villa

Mitch
    $600 20
sausage

Mitch
    $600 12
Florence

Leslie
    $800 29
(Jim: What is the Holy Grail?)
(Mitch: What is the Golden Hind?)

the Golden Fleece

MitchJimLeslie
    $1,300 4
Brazil

Mitch
    $800 25
the Hydra

Leslie
    $800 11
(Mitch: Who is King "Kawalahena"?)

Kamehameha

MitchLeslie
    $800 21
brandy

Leslie
    $800 13
John the Baptist

Mitch
    $1000 30
18

Leslie
    $1000 5
John Anderson

Leslie
    $1000 26
Harpies

Mitch
    $1000 15
Gerardus Mercator

Triple Stumper
    $1000 22
creme de cassis

Leslie
    $1,200 14
(Mitch: Who is... Muro?)

René Magritte

Mitch

Scores at the end of the Double Jeopardy! Round:

Mitch Jim Leslie
$4,600 $3,800 $12,800
(lock game)

[wagering suggestions for these scores]

Final Jeopardy! Round responses

THE SUPREME COURT
JimWho is Souter?
$3,799
MitchWho is Souter?
$3,900
LeslieWho is Souter?
$2,200
David Souter

Final scores:

Mitch Jim Leslie
$8,500 $7,599 $15,000
2nd place: trip on TWA to New York & stay at the Empire Hotel + Jeopardy! home edition or computerized version 3rd place: Samsung LaserDisc player + Jeopardy! home edition or computerized version New champion: $15,000

Game dynamics:

Coryat scores:

Mitch Jim Leslie
$5,300 $3,800 $11,500
18 R
(including 1 DD),
5 W
(including 1 DD)
17 R,
3 W
22 R
(including 1 DD),
2 W

Combined Coryat: $20,600

[game clues] [game scores] [suggest correction]

Game tape date: 1992-08-10
The J! Archive is created by fans, for fans. Scraping, republication, monetization, and malicious use prohibited; this site may use cookies and collect identifying information. See terms. The Jeopardy! game show and all elements thereof, including but not limited to copyright and trademark thereto, are the property of Jeopardy Productions, Inc. and are protected under law. This website is not affiliated with, sponsored by, or operated by Jeopardy Productions, Inc. Join the discussion at JBoard.tv.